header

Fundamentals of fund administration (Record no. 244691)

MARC details
000 -LEADER
fixed length control field 01403nam a2200361Ia 4500
082 04 - DEWEY DECIMAL CLASSIFICATION NUMBER
Classification number 332.6327
100 1# - MAIN ENTRY--AUTHOR NAME
Personal name Loader, David.
245 10 - TITLE STATEMENT
Title Fundamentals of fund administration
250 ## - EDITION STATEMENT
Edition statement 1st ed.
260 ## - PUBLICATION, DISTRIBUTION, ETC. (IMPRINT)
Place of publication Oxford ;
-- Burlington, MA :
Name of publisher Butterworth-Heinemann,
Year of publication 2007.
300 ## - PHYSICAL DESCRIPTION
Number of Pages vii, 208 p. :
Other physical details ill.
490 1# - SERIES STATEMENT
Series statement Elsevier finance
650 #0 - SUBJECT ADDED ENTRY--TOPICAL TERM
Topical Term Hedge funds
Topical Term Mutual funds
856 40 - ELECTRONIC LOCATION AND ACCESS
Uniform Resource Identifier http://site.ebrary.com/lib/rucke/Doc?id=10158386

No items available.

© 2026 Rongo University
Contact us: librarian | system librarian | Rongo university